Wolf Totem (Chinese Edition) / (Record no. 591746)
[ view plain ]
| 000 -LEADER | |
|---|---|
| fixed length control field | 00413nam a22001337a 4500 |
| 020 ## - INTERNATIONAL STANDARD BOOK NUMBER | |
| International Standard Book Number | 9787535476890 |
| 082 ## - DEWEY DECIMAL CLASSIFICATION NUMBER | |
| Classification number | 895.1352 |
| Author Mark | JIA |
| 100 ## - MAIN ENTRY--PERSONAL NAME | |
| Personal name | Jiang, Rong |
| 245 ## - TITLE STATEMENT | |
| Title | Wolf Totem (Chinese Edition) / |
| Statement of responsibility, etc. | Rong Jiang & Translated by Howard Goldblatt |
| 260 ## - PUBLICATION, DISTRIBUTION, ETC. | |
| Name of publisher, distributor, etc. | Changjiang Literature and Art Publishing House, |
| Date of publication, distribution, etc. | 2019. |
| 300 ## - PHYSICAL DESCRIPTION | |
| Extent | 408 p. ; |
| Other physical details | 25 cm. |
| 880 ## - ALTERNATE GRAPHIC REPRESENTATION | |
| Linkage | 245-02\r |
| Title | 狼图腾 / |
| 942 ## - ADDED ENTRY ELEMENTS (KOHA) | |
| Source of classification or shelving scheme | |
| Koha item type | Book |
| Withdrawn status | Lost status | Source of classification or shelving scheme | Damaged status | Not for loan | Permanent Location | Current Location | Shelving location | Date acquired | Source of acquisition | Total Checkouts | Full call number | Barcode | Date last seen | Price effective from | Koha item type |
|---|---|---|---|---|---|---|---|---|---|---|---|---|---|---|---|
| Central Library (CL) | Central Library (CL) | Chinese Studies | 10/12/2022 | Donated by China Embassy | 895.1352 JIA | CL-D-1898 | 10/12/2022 | 10/12/2022 | Book |
